Changes to the regulations (Record no. 72237)

MARC details
000 -LEADER
fixed length control field 01500cam a2200289 4500
001 - CONTROL NUMBER
control field ABS66408
008 - FIXED-LENGTH DATA ELEMENTS--GENERAL INFORMATION
fixed length control field 030306n2003 000 0 eng u
035 ## - SYSTEM CONTROL NUMBER
System control number (Sirsi) u121536
100 ## - MAIN ENTRY--PERSONAL NAME
Personal name Smith, D.
245 ## - TITLE STATEMENT
Title Changes to the regulations
260 ## - PUBLICATION, DISTRIBUTION, ETC.
Date of publication, distribution, etc. 2003
490 ## - SERIES STATEMENT
Series statement RICS Building Control
Volume/sequential designation (138) March 2003, 12-13(2)
490 ## - SERIES STATEMENT
Series statement Architects' Journal
Volume/sequential designation 217(5) 6 February 2003, 36-37(2)
490 ## - SERIES STATEMENT
Series statement RIBA Journal
Volume/sequential designation 110(01) January 2003, 58-62(3)
520 ## - SUMMARY, ETC.
Summary, etc. Reports on the changes to the Building Regulations which are due to come into effect over the next six months. Stresses that the major changes affect Part E "Resistance to the passage of sound", which comes into effect on 1 July 2003 and Part B "Fire safety", which comes into effect on 1 March 2003. The scope of Part E particularly concerns the introduction of 'robust standard details', which aim to lead to high performance constructions that do not need regular testing to maintain high quality. Lists other changes which need to be considered.
590 ## - LOCAL NOTE (RLIN)
Local note ABS
650 ## - SUBJECT ADDED ENTRY--TOPICAL TERM
Topical term or geographic name entry element BUILDING REGULATIONS 2000 APPROVED DOCUMENT E (2003 EDITION)
650 ## - SUBJECT ADDED ENTRY--TOPICAL TERM
Topical term or geographic name entry element BUILDING REGULATIONS 2000 APPROVED DOCUMENT B (2002 EDITION)
650 ## - SUBJECT ADDED ENTRY--TOPICAL TERM
Topical term or geographic name entry element BUILT ENVIRONMENT-CONSTRUCTION DESIGN-ACOUSTICS
650 ## - SUBJECT ADDED ENTRY--TOPICAL TERM
Topical term or geographic name entry element MANAGEMENT-HEALTH AND SAFETY-FIRE SAFETY
650 ## - SUBJECT ADDED ENTRY--TOPICAL TERM
Topical term or geographic name entry element STANDARDS
650 ## - SUBJECT ADDED ENTRY--TOPICAL TERM
Topical term or geographic name entry element ROBUST STANDARD DETAILS
690 ## - LOCAL SUBJECT ADDED ENTRY--TOPICAL TERM (OCLC, RLIN)
Topical term or geographic name as entry element BUILT ENVIRONMENT-BUILDING STANDARDS
700 ## - ADDED ENTRY--PERSONAL NAME
Personal name Williams, A.
700 ## - ADDED ENTRY--PERSONAL NAME
Personal name Ross, T.
942 ## - ADDED ENTRY ELEMENTS (KOHA)
Suppress in OPAC 0
Holdings
Withdrawn status Lost status Source of classification or shelving scheme Damaged status Not for loan Home library Current library Shelving location Date acquired Total Checkouts Full call number Barcode Date last seen Copy number Price effective from Koha item type
    Dewey Decimal Classification     London London Journal article 06/03/2003   ABS66408 121536-1001 06/08/2019 1 06/08/2019 Journal article